000 00267nam a22001337a 4500
003 SGT
020 _a812082069X
082 _a200
_bJ18G
100 _aGIRI, KOMAL
245 _aJNANA PRAVAHA
260 _bJNANA PRAVAHA CCSR
_c2018
300 _a174
942 _2ddc
_cBK
999 _c31754
_d31754